Estética fotográfica : una selección de textos /

Compilación de una veintena de ensayos críticos que explican los fundamentos teóricos de las diferentes tendencias de la fotogafía. Entre los autores de estos textos se encuentran personajes como Fox Talbot, Henry Peach Robinso, Edward Weston o MIano White.

Enregistré dans:
Détails bibliographiques
Auteur principal: Foncuberta, Joan (ed.)
Format: Livre
Langue:espagnol
Publié: Barcelona, España : Gustavo Gili, 2003, c2003
Collection:(FotoGGrafía)
Sujets:
Tags: Ajouter un tag
Pas de tags, Soyez le premier à ajouter un tag!

MARC

LEADER 00000nam^a2200000^a^4500
001 000156659
005 20250521000000.0
009 20260310100511.543
020 |a 84-252-1915-9 
037 |a Acervo ITESO - Biblioteca 
041 |a ESP 
082 |a 770. 11  |b FON 
100 |a Foncuberta, Joan  |e (ed.) 
245 1 0 |a Estética fotográfica :  |b una selección de textos /  |c Ed. de J. Fontacuberta. 
264 4 |a Barcelona, España :  |b Gustavo Gili,  |c 2003, c2003 
300 |a 288 p. 
336 |a texto  |b txt  |2 rdacontenido 
337 |a sin mediación  |b n  |2 rdamedio 
338 |a volumen  |b nc  |2 rdasoporte 
440 1 |a (FotoGGrafía) 
520 |a Compilación de una veintena de ensayos críticos que explican los fundamentos teóricos de las diferentes tendencias de la fotogafía. Entre los autores de estos textos se encuentran personajes como Fox Talbot, Henry Peach Robinso, Edward Weston o MIano White. 
649 |a XX 
650 |a Fotografía -  |x Teoría 
650 |a Fotografía -  |x Prácticas Profesionales 
650 |a Imagen 
650 |a Medios Audiovisuales 
650 |a Medios de Comunicación 
650 |a Recepción y Apreciación del Arte 
650 |a Luz y Sombra 
650 |a Fotografía y Sociedad 
650 |a Arte -  |x Historia y Crítica 
910 |a Fondo General 
920 |a Impresos - Libros 
930 |a Reserva Especial 
905 |a 103 
901 |a 0500085338  |b IT1  |c REE  |u 20250521 
902 |a https://opac.biblio.iteso.mx/vufind/Record/000156659